[Event "Serpiano op"]
[Site "Serpiano"]
[Date "2023.04.01"]
[Round "2"]
[White "Caputo, Lorenzo"]
[Black "Pirrello, Christian"]
[Result "1/2-1/2"]
[WhiteElo "1773"]
[BlackElo "2080"]
[PlyCount "194"]
[EventDate "2023.03.31"]
[EventType "swiss"]
[EventRounds "5"]
[EventCountry "SUI"]
[SourceTitle "CBM 213 Extra"]
[Source "ChessBase"]
[SourceDate "2023.05.31"]
[SourceVersion "1"]
[SourceVersionDate "2023.05.31"]
[SourceQuality "1"]

1. e4 a6 2. d4 b5 3. Bf4 Bb7 4. Nd2 e6 5. Bd3 c5 6. c3 Nf6 7. f3 Nc6 8. Ne2 Qb6 9. Be3 cxd4 10. Nxd4 Nxd4 11. Bxd4 Bc5 12. Nb3 Bxd4 13. cxd4 0-0 14. Qe2 d6 15. 0-0 e5 16. Qf2 Nd7 17. d5 Rfc8 18. Qxb6 Nxb6 19. Na5 Rab8 20. Rac1 Ba8 21. b3 Kf8 22. Kf2 Ke7 23. Ke3 Kd8 24. b4 Rxc1 25. Rxc1 Rc8 26. Rxc8+ Kxc8 27. h4 g6 28. Ke2 Kc7 29. Kd2 Bb7 30. Nb3 Bc8 31. Nc1 f5 32. Ne2 f4 33. g3 fxg3 34. Nxg3 Nd7 35. Ne2 h6 36. Nc3 Nf6 37. Ke3 Nh5 38. Ne2 g5 39. hxg5 hxg5 40. Bc2 Bd7 41. Bd1 Kd8 42. Ng1 Nf4 43. Be2 Ke7 44. Kf2 Be8 45. Bf1 Kf6 46. Nh3 Bd7 47. Kg3 Nh5+ 48. Kg2 Nf4+ 49. Kg3 Bc8 50. Nf2 Kg6 51. Ng4 Nh5+ 52. Kf2 Bxg4 53. fxg4 Nf6 54. Kf3 Kf7 55. Be2 Ke7 56. Ke3 Kd7 57. Bf3 Kc7 58. Kd3 Kb6 59. Bd1 Ng8 60. Be2 Ne7 61. Bd1 Ng8 62. Be2 Kc7 63. Bd1 Nf6 64. Bf3 Nd7 65. Bd1 Nb6 66. Bb3 Kb7 67. Kc3 Nd7 68. Bd1 Kb6 69. Kd3 a5 70. a3 Ka6 71. Kc3 Nb6 72. Be2 Na4+ 73. Kb3 axb4 74. axb4 Nb6 75. Kc3 Nd7 76. Bd1 Kb6 77. Be2 Nf6 78. Bf3 Ng8 79. Bd1 Ne7 80. Bf3 Ng6 81. Kd2 Nh8 82. Kd3 Nf7 83. Bd1 Nh6 84. Ke3 Ng8 85. Kd3 Nf6 86. Bf3 Nd7 87. Bd1 Kc7 88. Kc3 Nb6 89. Bb3 Kb7 90. Kd3 Ka7 91. Kc3 Ka6 92. Kd3 Na4 93. Kc2 Kb7 94. Bxa4 bxa4 95. Kb2 Kb6 96. Ka2 Ka6 97. Kb2 Kb6 1/2-1/2